Statistics for Pokémon - Water-type Pokémon

Click here to take the quiz!

General Stats

  • This quiz has been taken 265 times
    (19 since last reset)
  • The average score is 140 of 170

Answer Stats

Second TypePokémon% Correct
N/ABlastoise
100%
IceCloyster
100%
IceDewgong
100%
N/AFeraligatr
100%
GroundMarshtomp
100%
N/AMudkip
100%
N/APiplup
100%
N/ASeel
100%
N/AShellder
100%
MONOTYPESquirtle
100%
GroundSwampert
100%
N/ATotodile
100%
N/AWartortle
100%
FairyAzumarill
92%
ElectricChinchou
92%
N/AClamperl
92%
N/ACroconaw
92%
SteelEmpoleon
92%
GhostFrillish
92%
N/AGoldeen
92%
FlyingGyarados
92%
N/AHorsea
92%
RockKabuto
92%
RockKabutops
92%
DragonKingdra
92%
N/AKyogre
92%
ElectricLanturn
92%
N/ALuvdisc
92%
N/AMagikarp
92%
N/AManaphy
92%
FairyMarill
92%
DarkMega Sharpedo
92%
FlyingPelipper
92%
N/APhione
92%
N/APrinplup
92%
N/AQuaxly
92%
N/ASeadra
92%
N/ASeaking
92%
DarkSharpedo
92%
IceSpheal
92%
N/ASuicune
92%
PoisonTentacool
92%
PoisonTentacruel
92%
N/AVaporeon
92%
GroundWooper
92%
N/AAlomomola
85%
IceArctovish
85%
GroundBarboach
85%
N/ABrionne
85%
N/ABuizel
85%
DarkCarvanha
85%
RockCorsola
85%
FlyingCramorant
85%
DragonDracovish
85%
FlyingDucklett
85%
N/AFinneon
85%
N/AFloatzel
85%
N/AFroakie
85%
N/AFrogadier
85%
GroundGastrodon
85%
N/AGolduck
85%
BugGolisopod
85%
N/AGorebyss
85%
DarkGreninja
85%
N/AHuntail
85%
N/AInteleon
85%
GhostJellicent
85%
GrassLombre
85%
GrassLotad
85%
GrassLudicolo
85%
N/ALumineon
85%
FlyingMantine
85%
FlyingMantyke
85%
N/AMega Blastoise
85%
DarkMega Gyarados
85%
GroundMega Swampert
85%
N/AMilotic
85%
N/AOctillery
85%
SECONDARY WATER (Rock)Omanyte
85%
RockOmastar
85%
GroundPalpitoad
85%
N/APolitoed
85%
N/APoliwag
85%
N/APoliwhirl
85%
PRIMARY WATER (Fighting)Poliwrath
85%
N/APopplio
85%
N/APsyduck
85%
GroundQuagsire
85%
PoisonQwilfish
85%
RockRelicanth
85%
N/ARemoraid
85%
IceSealeo
85%
GroundSeismitoad
85%
N/AShellos
85%
PoisonSkrelp
85%
PsychicSlowbro
85%
PsychicSlowking
85%
PsychicSlowpoke
85%
N/ASobble
85%
PsychicStarmie
85%
N/AStaryu
85%
BugSurskit
85%
FlyingSwanna
85%
N/ATympole
85%
FireVolcanion
85%
N/AWailmer
85%
N/AWailord
85%
IceWalrein
85%
FlyingWingull
85%
BugAraquanid
77%
N/AArrokuda
77%
RockBarbaracle
77%
N/ABarraskewda
77%
NormalBibarel
77%
RockBinacle
77%
RockCarracosta
77%
N/ACorphish
77%
DarkCrawdaunt
77%
N/ADewott
77%
BugDewpider
77%
N/AFeebas
77%
FightingKeldeo
77%
IceLapras
77%
PsychicMega Slowbro
77%
N/AOshawott
77%
N/APanpour
77%
N/APrimal Kyogre
77%
FairyPrimarina
77%
FightingQuaquaval
77%
N/ASamurott
77%
N/ASimipour
77%
RockTirtouga
77%
GroundWhiscash
77%
BugWimpod
77%
DarkAsh Greninja
69%
GhostBasculegion
69%
N/ABasculin
69%
PsychicBruxish
69%
N/AChewtle
69%
N/AClauncher
69%
N/AClawitzer
69%
RockDrednaw
69%
N/ADrizzile
69%
DarkHisuian Samurott
69%
IceIron Bundle
69%
N/AKingler
69%
N/AKrabby
69%
PoisonMareanie
69%
DragonPalkia
69%
N/AQuaxwell
69%
N/ARainy Castform
69%
N/ASchool Wishiwashi
69%
N/ASolo Wishiwashi
69%
FairyTapu Fini
69%
DragonTatsugiri
69%
PoisonToxapex
69%
DragonWalking Wake
69%
ElectricWash Rotom
69%
N/ADondozo
62%
DragonOrigin Palkia
62%
FightingPaldean Tauros
62%
N/APyukumuku
62%
FightingResolute Keldeo
62%
FightingUrshifu
62%
PsychicVeluza
62%
N/AWiglett
62%
N/AWugtrio
62%
N/AFinizen
54%
N/APalafin
54%
GrassWellspring Mask Ogerpon
54%

Score Distribution

Percentile by Number Answered

Percent of People with Each Score

Your Score History

You have not taken this quiz since the last reset